00333nam a2200121Ia 4500008004100000041000800041082001400049100002300063245004300086260004100129300003000170365001100200240624s9999 xx 000 0 und d aeng a658.3 ROT aROTHWELL WILLIAM J aSTRATEGIC PLANNING FOR HUMAN RESOURCES c2005aMumbaibJaico Publishing House axx, : 490 : p. : cm. ; 24 cRSb30